Tìm hiểu và phân loại các dạng bài tập tin học lớp 11 Một số phương pháp giải

Hệ thống phần bài tập Tin học lớp 11 THPT. Trình bày các phương pháp giải các dạng bài tập. Qua đó tạo điều kiện thuận lợi cho quá trình tiếp thu các kiến thức tin học, góp phần nâng cao hiệu quả giảng dạy ở trường phổ thông.

Na minha lista:
Detalhes bibliográficos
Autor principal: Nguyễn Văn Thành
Outros Autores: Lê Viết Chung (Hướng dẫn)
Formato: Livro
Idioma:Vietnamese
Publicado em: Đà Nẵng Đại học Sư phạm, Đại học Đà Nẵng 2013
Assuntos:
Tags: Adicionar Tag
Sem tags, seja o primeiro a adicionar uma tag!
Thư viện lưu trữ: Mạng thư viện Đại học Đà Nẵng
LEADER 01836nam a2200373 4500
001 000018405
003 14836
005 20131118161131.0
008 131031s2013 viesd
041 |a vie 
082 1 4 |a 004.076  |b NG-T 
100 1 |a Nguyễn Văn Thành 
245 1 |a Tìm hiểu và phân loại các dạng bài tập tin học lớp 11  |b Một số phương pháp giải  |c Nguyễn Văn Thành ; Lê Viết Chung hướng dẫn  |k Khóa luận tốt nghiệp 
260 |a Đà Nẵng  |b Đại học Sư phạm, Đại học Đà Nẵng  |c 2013 
300 |a 76 tr.  |c 29 cm.  |e Bản tóm tắt 
500 |a Khóa luận tốt nghiệp đại học. Chuyên ngành: Sư phạm Tin 
504 |a Mục lục đầu trang, tài liệu tham khảo tr. 73 - 74, phụ lục [13 tr.] 
520 |a Hệ thống phần bài tập Tin học lớp 11 THPT. Trình bày các phương pháp giải các dạng bài tập. Qua đó tạo điều kiện thuận lợi cho quá trình tiếp thu các kiến thức tin học, góp phần nâng cao hiệu quả giảng dạy ở trường phổ thông. 
600 1 4 |b Vua  |c Đinh Tiên Hoàng 
650 0 4 |a Tin học  |v Khóa luận tốt nghiệp  |x Dạy và học 
653 |a Giáo dục phổ thông 
653 |a Tin học 
653 |a Khoa Tin học 
700 1 |a Lê Viết Chung  |e Hướng dẫn 
OWN |a LSP 
AVA |a UDN50  |b LSP  |d 004.076 NG-T  |e available  |t Error 5001 Not defined in file expand_doc_bib_avail.  |f 1  |g 0  |h N  |i 0  |k 1 
999 |a From the UDN01 
AVA |a UDN50  |b LSP  |d 004.076 NG-T  |e available  |t Error 5001 Not defined in file expand_doc_bib_avail.  |f 1  |g 0  |h N  |i 0  |k 1 
TYP |a Monograph 
TYP |a Printed language 
980 |a Mạng thư viện Đại học Đà Nẵng